000 04414cam a22012254i 4500
003 PE-LiUPU
005 20250813185603.0
008 150706s r 000 0 d
035 _a(Sirsi) a49546
040 _aPE-LiUPU
_bspa
_cPE-LiUPU
_erda
049 _aPRUA
082 0 4 _a378.854802
_bR74
_221
100 1 _aRodríguez Chávez, Iván,
_eautor.
245 1 3 _aLa designación de las autoridades universitarias a través de las leyes /
_cIván Rodríguez Chávez.
264 1 _aLima :
_bInstituto de Estudios Universitarios "José Antonio Encinas",
_c2010.
300 _a51 páginas ;
_c30 cm.
336 _atext
_2rdacontent
337 _aunmediated
_2rdamedia
338 _avolume
_2rdacarrier
505 0 _aLa brevedad ante la urgencia -- Palabras para empezar -- La coyuntura -- Una afirmación a titulo de pregunta -- La designación de las autoridades universitarias a través de las leyes -- La elección del rector en la colonia -- Las elecciones en la república -- El reglamento general de instrucción pública del 18 de marzo de 1876 -- Ley orgánica de instrucción del 9 de marzo de 1901 -- Las elecciones de autoridades universitarias por los tiempos de la reforma universitaria -- Ley orgánica de enseñanza del 28 de enero de 1918 -- Estatuto universitario del 23 de junio de 1928 -- Estatuto provisorio para la universidad de San Marcos del 6 de febrero de 1931 -- Estatuto universitario del 28 de junio de 1935 -- Ley N° 9359 del 1° de abril 1941 -- Ley N°10555 del 24 de abril de 1946 -- Ley universitaria N°13417 del 8 de abril de 1960 -- Decreto Ley N°17437 del 18 de febrero de 1969 denominado ley orgánica de la universidad peruana -- Ley universitaria N°23733 del 9 de diciembre de 1983 -- Las universidades privadas en la ley -- Las modificaciones actuales a la ley universitaria N° 23733 -- Un recuento con tono de alegato.
526 _aP202
526 _aP201
526 _aP163
526 _aP162
526 _aP161
526 _aP160
526 _aP148
526 _aP147
526 _aP146
526 _aP145
526 _aP144
526 _aP143
526 _aP142
526 _aP141
526 _aP140
526 _aP139
526 _aP138
526 _aP137
526 _aP136
526 _aP135
526 _aP134
526 _aP133
526 _aP129
526 _aP128
526 _aP127
526 _aP120
526 _aP119
526 _aP118
526 _aP116
526 _aP115
526 _aP114
526 _aP110
526 _aP109
526 _aP108
526 _aP104
526 _aP103
526 _aP102
526 _aP99
526 _aP98
526 _aP97
526 _aP96
526 _aP95
526 _aP93
526 _aP90
526 _aP89
526 _aP88
526 _aP83
526 _aP82
526 _aP62
526 _aP59
526 _aP58
526 _aP57
526 _aP51
526 _aP49
526 _aP48
526 _aP47
526 _aP29
526 _aP24
526 _aP20
526 _aP19
526 _aP17
526 _aP15
526 _aP14
526 _aP12
526 _aP10
526 _aP09
526 _aP08
526 _aP07
526 _aP06
526 _aP05
526 _aP04
526 _aP01
650 0 4 _aEducación superior
_xLegislación
_zPerú
650 0 4 _aUniversidades
_zPerú.
910 _bjv
_clch
_d20110523
942 _2ddc
_cBOOK
949 _a378.854802 R74
_wDEWEY
_c1
_i62874
_lCCODEBUL1
_mBUL
_p09.00
_r0
_sY
_tLIBRO
_u2015-07-06
_xBIBLIOTECA
_zUNKNOWN
_o.STAFF. Colección General
949 _a378.854802 R74
_wDEWEY
_c2
_i62873
_lCCODEBUL1
_mBUL
_p09.00
_r0
_sY
_tLIBRO
_u2015-07-06
_xBIBLIOTECA
_zUNKNOWN
_o.STAFF. Colección General
994 _aC0
_bPEPRU
596 _a1
999 _a378.854802 R74
_wDEWEY
_c51904
_i62874
_f2021-11-8
_g6
_lCCODEBUL1
_mBUL
_p9.00
_r0
_sN
_tBOOK
_u2015-7-6
_xEDUCACION
_zUNKNOWN
_0COMPRA
_o.STAFF. Colección General
_d51904
999 _a378.854802 R74
_wDEWEY
_c2
_i62873
_d2019-3-12
_e2019-3-8
_f2021-11-8
_g5
_lCCODEBUL1
_mBUL
_n2
_p9.00
_r0
_sN
_tBOOK
_u2015-7-6
_xEDUCACION
_zUNKNOWN
_0COMPRA
_o.STAFF. Colección General
980 _81
_gALBERTO SANCHEZ Responsable de Automatización